| 000 | 00685nam a2200229 i 4500 | ||
|---|---|---|---|
| 001 | 93306 | ||
| 003 | ES-MaACL | ||
| 005 | 20250829130245.0 | ||
| 007 | t| | ||
| 008 | 050513s2004 sp ||||1| spa d | ||
| 020 | _a84-493-1591-3 | ||
| 080 | _a37.013.42 | ||
| 100 | 1 |
_aAsensio Aguilera, Jose María. _9170289 |
|
| 245 | 1 | 4 |
_aUna educación para el diálogo / _cJosé M. Asensio. |
| 260 |
_aBarcelona : _bPaidós Ibérica, _c[2004] |
||
| 300 |
_a247 p. ; _c23 cm. |
||
| 490 | 1 |
_aPapeles de pedagogía ; _v63 |
|
| 650 | 1 | 7 |
_aPedagogía social _2embne _915908 |
| 830 | 0 |
_aPapeles de pedagogía ; _v63 _9184280 |
|
| 852 |
_aES-MaACL _jL-29089 _bR.135576 |
||
| 999 |
_c93306 _d93306 |
||